02079nam a2200289Ia 450000500170000000800410001702000150005805000200007308200200009310000340011324500800014725000180022726000430024530000350028850000250032350508560034851900660120451901080127065000120137870000300139070000330142094200070145395201080146095201010156895201030166999900170177220240715093017.0120622s19921994mx a r 000 0 spa d a9684441371 4a BJ37bR63 1992 a170bR696e 19921 aRodríguez Lozano, V.eautor aÉticac / V. Rodríguez Lozano, P. Frade Perdomo, L. Ma. Albelo Martín a5a. edición aMéxicob : Alhambra Mexicanac, 1992 a243 páginasb: ilustraciones aReimpresión : 19940 aEl hecho moral Conceptos fundamentales de la moralidad El juicio y la argumentación morales La dignidad y el valor de la persona humana como base ética común Moral de la persona La apertura de la persona a los demás Aspectos éticos de la sexualidad Matrimonio y familia. La transmisión de la vida y su plural problemática El conflicto generacional El medio ambiente: el hombre en la naturaleza Problemas éticos de la convivencia social y política Ética y política Función social de la propiedad. El respeto a la propiedad ajena El trabajo como realización personal y contribución social. Ética profesional El respeto a los derechos humanos como fundamento de la convivencia y la paz social Hacia una sociedad mundial. La convivencia internacional. Posibles vías para la resolución de los conflictos internacionales.  aMaterial Complementario /d(01 000959, 01 000960, 01 000961)  aMaterial complementario (Plan UNAM) / bLic. en Enfermería / cÉtica profesional 1410 / d23 00416610aÉTICA1 aFrade Perdomo, P. eautor1 aAlbelo Martin, L. Ma.eautor cLB 00104070a01b01d2007-01-25l1o170 R696e 1992p01 000959r2016-04-11s2016-04-11t1w2012-06-24yLB 00102lcc4070a22b22d2007-01-25l0o170 R696e 1992p01 000960r2023-07-14t2w2012-06-24yLB 00102lcc4070a23b23d2007-01-25l0o BJ37 R63 1992p23 004166r2023-07-08t1w2012-06-24yLBf c56906d56906